01039pam a2200277 a 4500999001500000001000800015003000600023005001700029008004100046010001700087020002800104040001800132050002400150082002100174100003600195245008400231260005300315300002500368504005400393630005800447630004300505650003200548906004500580942001200625952012400637 c9944d99444031984GBCCL20241126110722.0980202s1998 mnu b 000 0 eng  a 98005540  a0814624944 (alk. paper) aDLCcDLCdDLC00aBS1430.2b.J45 199800a223.206221bJIN1 aJinkins, Michael,d1953-91729010aIn the house of the Lord :binhabiting the psalms of lament /cMichael Jinkins. aCollegeville, Minn. :bLiturgical Press,cc1998. aix, 142 p. ;c21 cm. aIncludes bibliographical references (p. 136-142).00aBible.pPsalmsxCriticism, interpretation, etc.9272100aBible.pPsalmsxLiturgical use.915300 0aLaments in the Bible.97559 a7bcbccorignewd1eocipf19gy-gencatlg 2ddccBK 00102ddc4070aGBCbGBCcBSd2023-09-22l1o223.206 JINp020566r2025-05-01 00:00:00s2024-12-05tc.1w2023-09-22yBK